Central Library OPAC University of Rajshahi

حالي اور نیا تنقیدی شعور ;; haali or niya tanqeedi shoor / (Record no. 85427)

MARC details
000 -LEADER
fixed length control field 00564nam a2200181 4500
001 - CONTROL NUMBER
control field 85427
003 - CONTROL NUMBER IDENTIFIER
rucl marc code BD-RjUL
005 - DATE AND TIME OF LATEST TRANSACTION
control field 20250804103311.0
008 - FIXED-LENGTH DATA ELEMENTS--GENERAL INFORMATION
fixed length control field 250804s1961 pk ||||| |||| 00| 0 urd d
035 ## - SYSTEM CONTROL NUMBER
System control number (BD-RjUL)85427
040 ## - CATALOGING SOURCE
Original cataloging agency BD-RjUL
Language of cataloging eng
Transcribing agency BD-RjUL
041 ## - LANGUAGE CODE
Language code of text/sound track or separate title urd
082 ## - DEWEY DECIMAL CLASSIFICATION NUMBER
Edition number 23
Classification number 891.4391409
Author mark and year DEH 1961
245 ## - TITLE STATEMENT
Title حالي اور نیا تنقیدی شعور ;; haali or niya tanqeedi shoor /
Statement of responsibility, etc. اختر انصاری دہلوی ;; Akhtar Ansari Dehlvi
260 ## - PUBLICATION, DISTRIBUTION, ETC. (IMPRINT)
Place of publication, distribution, etc. Karachi :
Name of publisher, distributor, etc. urdu akademy,
Date of publication, distribution, etc. 1961
300 ## - PHYSICAL DESCRIPTION
Pagination 91 p.;
Size 17 cm
942 ## - ADDED ENTRY ELEMENTS (KOHA)
Source of classification or shelving scheme Dewey Decimal Classification
Koha item type Books
Holdings
Lost status Source of classification or shelving scheme Damaged status Not for loan Collection code Permanent Location Current Location Shelving location Date acquired Total Checkouts Full call number Date last seen Copy number Koha item type
  Dewey Decimal Classification   Not For Loan Non-fiction Central Library, University of Rajshahi Central Library, University of Rajshahi Reading Room 04/08/2025   U 891.4391409 DEH 1961 04/08/2025 C-1 Books